000 01301cab a2200337 4500
001 WB3113-47
008 090401t1995 xxu||||| |||| 00| 0 eng d
035 _a(Sirsi) u41208
041 _aeng
245 _aValuation
260 _c1995
350 _a0
490 _aEstates Gazette Case Summaries
_v(1995) EGCS 47 (25/3/95)
520 _a"Mortgage Funding Corporation plc v Conway" QBD 10 March 1995. M asked C for a valuation on a residential flat which was accepted. The mortgagor defaulted on the loan and M resold at a loss after refurbishment. A retrospective valuation was made for M to establish the true value of the property at the time of purchase, which was placed lower than the original valuation. M sought damages. Judgment for C.
650 _aDAMAGES
650 _aFALLING MARKET
650 _aFLATS
650 _aMARGIN OF ERROR
650 _aMORTGAGE FUNDING CORPORATION PLC V CONWAY
650 _aNEGLIGENCE
650 _aBUILT ENVIRONMENT-BUILDING MAINTENANCE AND REFURBISHMENT
650 _aRESIDENTIAL PROPERTY
_96266
650 _aRETROSPECTIVE VALUATION
650 _aREVALUATION
650 _aRICS GUIDELINES
650 _aVACANT POSSESSION
650 _aVALUERS
690 _aRATING AND VALUATION-CASE LAW
942 _n0
948 _c04/03/1997
999 _c26474
_d26474